000 00367 a2200145 4500
001 57561
082 _a515 STE
090 _c35295
_d35295
100 _aStewart James
245 _aCalculas (Concept And Contexts-with CD), 2/e
_charvey keynes with james stewart
250 _a2
260 _aUSA
_bMc Master University
_c2001
300 _a769p.
500 _aCD/DVD
942 _aNUST-CAE
_k515 STE
999 _c292634
_d292634